Two Lives (Record no. 313463)

MARC details
000 -LEADER
fixed length control field 00369nam a2200157Ia 4500
008 - FIXED-LENGTH DATA ELEMENTS--GENERAL INFORMATION
fixed length control field 230718s9999 xx 000 0 und d
041 ## - LANGUAGE CODE
Language code of text/sound track or separate title eng
082 ## - DEWEY DECIMAL CLASSIFICATION NUMBER
Classification number 809
Item number SET
100 ## - MAIN ENTRY--PERSONAL NAME
Personal name Seth Vikram
9 (RLIN) 164981
245 ## - TITLE STATEMENT
Title Two Lives
260 ## - PUBLICATION, DISTRIBUTION, ETC. (IMPRINT)
Date of publication, distribution, etc. 2005
Name of publisher, distributor, etc. Pengain
300 ## - PHYSICAL DESCRIPTION
Extent 503
365 ## - TRADE PRICE
Currency code Rs.
Price amount 695.00
700 ## - ADDED ENTRY--PERSONAL NAME
Personal name Seth Vikram
9 (RLIN) 164981
906 ## - LOCAL DATA ELEMENT F, LDF (RLIN)
d 198/20.4.06
c OTH
b 139
Holdings
Withdrawn status Lost status Damaged status Not for loan Home library Current library Date acquired Vendor Budget Code Cost, normal purchase price Bill number Total Checkouts Full call number Barcode Date last seen Discount Cost, replacement price Bill Date Koha item type Original Barcode
        Cummins College of Engineering for Women Pune Cummins College of Engineering for Women Pune 27/04/2006 Technical Book Services OTH 556.00 198/20.4.06   809 CCEP-BK-24670 18/07/2023 139 695.00 20/04/2006 Books 024670